FIFA World Cup Golden Glove Winners - Statistics

General Stats
  • This quiz has been taken 469 times
  • The average score is 6 of 21
Answer Stats
Hint Answer % Correct
2014 GER Manuel Neuer
98%
2006 ITA Gianluigi Buffon
96%
2010 SPA Iker Casillas
92%
2002 GER Oliver Kahn
89%
1998 FRA Fabien Barthez
65%
1982 ITA Dino Zoff
46%
1966 ENG Gordon Banks
37%
1974 WGER Sepp Maier
28%
1986 BEL Jean-Marie Pfaff
21%
1978 ARG Ubaldo Fillol
11%
1994 BEL Michel Preud'homme
10%
1934 SPA Ricardo Zamora
8%
1954 HUN Gyula Grosics
6%
1958 NIR Harry Gregg
6%
1990 CRC Luis Conejo
6%
1970 URU Ladislao Mazurkiewicz
5%
1930 URU Enrique Ballestrero
4%
1938 CZE Frantisek Planicka
4%
1950 URU Roque Maspoli
4%
1990 ARG Sergio Goycochea
4%
1962 CHI Viliam Schrojf
4%
No matching quizzes found
Score Distribution
Percent of People with Each Score
Percentile by Number Answered
Your Score History
You have not taken this quiz